Statistics for Countries that Visit Botswana the Most

Click here to take the quiz!

General Stats

  • This quiz has been taken 150 times
    (98 since last reset)
  • The average score is 11 of 15

Answer Stats

VisitsCountry% Correct
583,930South Africa
96%
52,733United States
96%
28,600United Kingdom
92%
125,885Namibia
91%
592,266Zimbabwe
88%
148,617Zambia
87%
13,280France
85%
44,059Germany
81%
9,218Canada
79%
17,970Australia
71%
18,069Lesotho
66%
12,644Netherlands
59%
9,113Japan
59%
10,861Malawi
41%
8,100Switzerland
27%

Score Distribution

Percentile by Number Answered

Percent of People with Each Score

Your Score History

You have not taken this quiz since the last reset